Luật cạnh tranh của Pháp và liên minh Châu Âu

Salvato in:
Dettagli Bibliografici
Autore principale: Nguyễn Hữu Huyên
Natura: Libro
Lingua:Undetermined
Pubblicazione: Hà Nội Tư Pháp 2004
Soggetti:
Tags: Aggiungi Tag
Nessun Tag, puoi essere il primo ad aggiungerne! !
Thư viện lưu trữ: Trung tâm Học liệu Trường Đại học Cần Thơ
LEADER 00656nam a2200217Ia 4500
001 CTU_73796
008 210402s9999 xx 000 0 und d
020 |b 25500 
082 |a 343.0721 
082 |b H527 
100 |a Nguyễn Hữu Huyên 
245 0 |a Luật cạnh tranh của Pháp và liên minh Châu Âu 
245 0 |c Nguyễn Hữu Huyên 
260 |a Hà Nội 
260 |b Tư Pháp 
260 |c 2004 
526 |a Pháp luật về cạnh tranh 
526 |b KL612 
650 |a antitrust law,competition law,commercial law 
904 |i Mai Loan 
980 |a Trung tâm Học liệu Trường Đại học Cần Thơ